| 000 | 00000nas 2200000za 4500 |
| 001 | 9.862503 |
| 003 | CaOODSP |
| 005 | 20221107161032 |
| 007 | cr ||||||||||| |
| 008 | 180928d19301944oncar p oss f000#a0eng|d |
| 040 | |aCaOODSP|beng |
| 043 | |an-cn--- |
| 086 | 1 |aCS63-D-23E-PDF|z63-D-23 |
| 245 | 00|aFood chains in Canada |h[electronic resource]. |
| 260 | |aOttawa : |bDominion Bureau of Statistics, Census of Merchandising and Service Establishments, |c1933-1945. |
| 300 | |av. |
| 310 | |aAnnual |
| 362 | 0 |a1930-1944. |
| 500 | |aCover title. |
| 500 | |aSome years preceded by supplementary Preliminary issue. |
| 500 | |aDigitized edition from print [produced by Statistics Canada]. |
| 515 | |aIssues for 1940 and 1942 not published. |
| 580 | |aContinued by: Food store chains in Canada. |
| 692 | 07|2gccst|aRetail trade |
| 692 | 07|2gccst|aFood |
| 710 | 1 |aCanada. |bDominion Bureau of Statistics. |bCensus of Merchandising and Service Establishments. |
| 785 | 00|tFood store chains in Canada |w(CaOODSP)9.862498 |